000 00371nam a2200145Ia 4500
008 240624s9999 xx 000 0 und d
041 _aeng
082 _a658.4038 HAA
100 _aHAAG STEPHEN
245 _aBUSINESS DRIVEN TECHNOLOGY
250 _a(2nd ed.)
260 _c2015
_aNew Delhi
_bTata McGraw- Hill
300 _axxxvii, 610 p.; 25 cm.
365 _cRS
_b27.5
999 _c29634
_d29634